000 00355nam a2200157Ia 4500
008 221030s9999 xx 000 0 und d
020 _a8170140382
041 _aEnglish
082 _a105.23
_bSat
100 _aSatya Prakash
245 0 _aMathematical Physics
_cby Satya Prakash
260 _c2000
300 _a1180
650 _aPhysics
942 _cBK
999 _c6993
_d6993